| 000 | 02100nam a2200433 a 4500 | ||
|---|---|---|---|
| 001 | ebr10585503 | ||
| 003 | CaPaEBR | ||
| 006 | m u | ||
| 007 | cr cn||||||||| | ||
| 008 | 790808s1978 ne sb 101 0 eng d | ||
| 010 | _z 79311328 | ||
| 020 | _z9027976104 | ||
| 020 | _z0202900703 | ||
| 020 | _z9789027976109 | ||
| 020 | _z9783110800081 (e-book) | ||
| 040 |
_aCaPaEBR _cCaPaEBR |
||
| 035 | _a(OCoLC)837167992 | ||
| 043 | _ad------ | ||
| 050 | 1 | 4 |
_aHD2755.5 _b.W67 1978eb |
| 082 | 0 | 4 | _a301.18/32 |
| 245 | 0 | 4 |
_aThe world as a company town _h[electronic resource] : _bmultinational corporations and social change / _ceditors Ahamed Idris-Soven, Elizabeth Idris-Soven, Mary K. Vaughan. |
| 260 |
_aThe Hague : _bMouton Publishers, _c1978. |
||
| 300 | _axi, 455 p. | ||
| 440 | 0 | _aWorld anthropology | |
| 500 | _a"Distributed in the U.S.A. and Canada by Aldine, Chicago." | ||
| 500 | _aPapers prepared for the 9th International Congress of Anthropological and Ethnological Sciences, Chicago, 1973. | ||
| 504 | _aIncludes bibliographical references and indexes. | ||
| 505 | 0 | _asection 1. The multinational corporation in a global context -- section 2. The multinational corporation and the social scientist -- section 3. The multinational corporation and social change. | |
| 533 |
_aElectronic reproduction. _bPalo Alto, Calif. : _cebrary, _d2011. _nAvailable via World Wide Web. _nAccess may be limited to ebrary affiliated libraries. |
||
| 650 | 0 |
_aInternational business enterprises _xSocial aspects _vCongresses. |
|
| 650 | 0 |
_aInternational business enterprises _xSocial aspects _zDeveloping countries _vCongresses. |
|
| 655 | 7 |
_aElectronic books. _2local |
|
| 700 | 1 |
_aIdris-Soven, Ahamed, _d1947- |
|
| 700 | 1 |
_aIdris-Soven, Elizabeth, _d1950- |
|
| 700 | 1 |
_aVaughan, Mary K., _d1942- |
|
| 710 | 2 | _aebrary, Inc. | |
| 711 | 2 |
_aInternational Congress of Anthropological and Ethnological Sciences _n(9th : _d1973 : _cChicago, Ill.) |
|
| 856 | 4 | 0 |
_uhttp://site.ebrary.com/lib/rucke/Doc?id=10585503 _zAn electronic book accessible through the World Wide Web; click to view |
| 999 |
_c106346 _d106346 |
||